<?xml version="1.0" encoding="UTF-8"?>
<record
    xmlns:xsi="http://www.w3.org/2001/XMLSchema-instance"
    xsi:schemaLocation="http://www.loc.gov/MARC21/slim http://www.loc.gov/standards/marcxml/schema/MARC21slim.xsd"
    xmlns="http://www.loc.gov/MARC21/slim">

  <leader>01282nam a22001697a 4500</leader>
  <controlfield tag="003">IT-RoPau</controlfield>
  <controlfield tag="005">20220918181221.0</controlfield>
  <controlfield tag="008">140719b        xxu||||| |||| 00| 0 eng d</controlfield>
  <datafield tag="040" ind1=" " ind2=" ">
    <subfield code="c">IT-RoPau</subfield>
  </datafield>
  <datafield tag="100" ind1=" " ind2=" ">
    <subfield code="a">Societ&#xE0; San Paolo</subfield>
    <subfield code="9">33894</subfield>
  </datafield>
  <datafield tag="245" ind1=" " ind2=" ">
    <subfield code="a">Stato personale paolino 2014</subfield>
    <subfield code="b">Comunit&#xE0; e membri</subfield>
  </datafield>
  <datafield tag="260" ind1=" " ind2=" ">
    <subfield code="a">Roma</subfield>
    <subfield code="b">SSP Casa Generalizia</subfield>
    <subfield code="c">2014</subfield>
  </datafield>
  <datafield tag="300" ind1=" " ind2=" ">
    <subfield code="a">144 pp.</subfield>
    <subfield code="c">21 cm</subfield>
  </datafield>
  <datafield tag="490" ind1=" " ind2=" ">
    <subfield code="a">Societ&#xE0; San Paolo</subfield>
    <subfield code="v">Stato personale paolino 2014</subfield>
  </datafield>
  <datafield tag="520" ind1=" " ind2=" ">
    <subfield code="a">Indice

Societ&#xE0; San Paolo: fondazione, approvazione, statistiche
Circoscrizioni e comunit&#xE0; paoline
Governo Generale
Case direttamente dipendenti dal Governo Generale: Casa Generalizia - Germania - Italia - Vaticano

Province
Provincia Argentina - Cile - Per&#xF9;
Provincia Brasile
Provincia Colombia - Ecuador - Panam&#xE1;
Provincia Filippine - Macau
Provincia Giappone
Provincia India - Nigeria - Gran Bretagna - Irlanda
Provincia Italia
Provincia Messico
Provincia Spagna
Provincia Stati Uniti

Regioni:
Regione Australia
Regione Canada - Francia
Regione Congo
Regione Corea
Regione Polonia
Regione Portogallo
Regione Venezuela - Bolivia

Elenco alfabetico dei membri professi
Defunti della Societ&#xE0; San Paolo
a. Ordine Cronologico
b. Ordine alfabetico
c. Novizi defunti

Elenco alfabetico delle comunit&#xE0;
</subfield>
  </datafield>
  <datafield tag="942" ind1=" " ind2=" ">
    <subfield code="2">ddc</subfield>
    <subfield code="c">BK</subfield>
  </datafield>
  <datafield tag="999" ind1=" " ind2=" ">
    <subfield code="c">104470</subfield>
    <subfield code="d">104470</subfield>
  </datafield>
  <datafield tag="952" ind1=" " ind2=" ">
    <subfield code="0">0</subfield>
    <subfield code="1">0</subfield>
    <subfield code="2">ddc</subfield>
    <subfield code="4">0</subfield>
    <subfield code="6">P_C1</subfield>
    <subfield code="7">1</subfield>
    <subfield code="a">PAULUS</subfield>
    <subfield code="b">PAULUS</subfield>
    <subfield code="d">2014-07-19</subfield>
    <subfield code="l">0</subfield>
    <subfield code="o">P C1</subfield>
    <subfield code="r">2014-07-19 00:00:00</subfield>
    <subfield code="w">2014-07-19</subfield>
    <subfield code="y">BK</subfield>
  </datafield>
</record>
